000 00475nam a2200169 i 4500
001 30011
003 ES-MaACL
005 20230906154126.0
007 t|
008 030123s1935 sp ||||1| spa d
100 1 _aBarón Castro, Rodolfo,
_d1909-1986
_925775
245 1 0 _aUnión y desunión de Centroamérica /
_cRodolfo Barón Castro.
260 _aMadrid :
_b[s.n.,
_c1935]
300 _a8 h. ;
_c25 cm.
852 _aES-MaACL
_j1807-F-19
999 _c30011
_d30011